000 01715nam0a2200349 4500
001 RU\NLR\BIBL_A\011375147
005 20260405222234.0
010 _a9785361004201
_9500
021 _aRU
_b2017-22887
_91698
035 _a(RuMoRGB)008840086
035 _a(NLR Aleph) 011375147
090 _a11373274
_c11373274
100 _a20170426d2016 k y0rusy50 ca
101 0 _arus
102 _aRU
105 _aa zzzz0|00yzy
200 1 _aМетоды и модели оценки конкурентоспособности экономических систем
_eмонография
_fА. А. Рудычев, Е. А. Никитина, С. П. Гавриловская
210 _aБелгород
_cИзд-во БГТУ
_d2016
215 _a161 с.
_cил.
_d21
320 _aБиблиогр.: с. 157-161 (51 назв.)
606 1 _aПромышленные предприятия
_xКонкурентоспособность
_yРоссийская Федерация
_92230139
_3RU\NLR\AUTH\661338574
606 1 _aПредприятия
_xКонкурентоспособность
_yРоссийская Федерация
_92269729
_3RU\NLR\AUTH\661360462
686 1 _aУ30(2)-823.2
686 1 _aУ29(2Р)
686 1 _aУ9(2)-13(2Р)
700 1 _aРудычев
_bА. А.
_f1936-
_gАнатолий Андреевич
701 1 _8rus
_7ca
_aНикитина
_bЕ. А.
_cканд. экон. наук, организация пр-ва
_gЕлена Александровна
_3RU\NLR\AUTH\77100489
_983415
701 1 _aГавриловская
_bС. П.
_gСветлана Петровна
942 _cBOOK
980 _aNBR